| 000 | 01688cam a22001934a 4500 | ||
|---|---|---|---|
| 005 | 20250605164356.0 | ||
| 008 | 250528s ||||||||||||||||||||||||d | ||
| 035 | _a24357 | ||
| 040 |
_aGR-AtMCL _bgre _dGR-AtMCL _eAACR2 |
||
| 245 | 1 | _aΕίμαστε Εδώ και Κυνηγάμε το Όνειρο μας / Telco: Το AI αλλάζει τις Τηλεπικοινωνίες και τα Δίκτυα τους | |
| 260 | _c2017 | ||
| 300 | _a42 | ||
| 520 | _aOracle Modern Business Insurance: Επιτάχυνση του Ψηφιακού Μετασχηματισμού μέσω Cloud, To ΑΙ Μπορεί να Εκτινάξει την Παραγωγικότητα, Είμαστε Εδώ και Κυνηγάμε το Όνειρο μας, Προγραμματιστής: Επιστήμονας και Επιχειρηματίας ή Εργάτης, Η Πληγή του Cyberslacking, Citizen Data Scientist: Ο Ρόλος και η Ιδέα και οι Διαδικασίες, Το AI αλλάζει τις Τηλεπικοινωνίες και τα Δίκτυα τους, Η Πολύπλευρη Συμβολή του CFO στην Καινοτομία, Λύσεις και Εργαλεία για τη Δημιουργία μιας Νέας Επιχειρηματικότητας, Ανατέλλει μια Νέα Γενιά Άσκοπα Εργαζομένων, Αρχιτεκτονική Blockchain: Ένας για Όλους και Όλοι για Έναν, Σκληρές Κόντρες στο IoT Networking. | ||
| 700 | 1 |
_aΜαρκέτος Παναγιώτης _99453 |
|
| 700 | 1 |
_aΜπούσιας Μιχάλης Κ _99357 |
|
| 942 | _cCR | ||
| 999 |
_c9245 _d9245 |
||